Zostavovanie tematického plánu doplňovania fondu vedeckotechnickej knižnice /

Salvato in:
Dettagli Bibliografici
Autori principali: Gukovová, V.G (Autore), Lichačevová, T.A (Autore)
Natura: Libro
Lingua:slovacco
Pubblicazione: Bratislava : SlTK-Centrum VTI SR, 1981
Soggetti:
Tags: Aggiungi Tag
Nessun Tag, puoi essere il primo ad aggiungerne!!

MARC

LEADER 00000nam a22000003a 4500
001 stu36619
005 20150617225728.5
008 920611s1981----cs------------------slo-d
040 |a STU  |b slo 
041 0 |a slo 
044 |a cs 
080 |a 025.21 
100 1 |a Gukovová, V.G  |4 aut 
245 1 |a Zostavovanie tematického plánu doplňovania fondu vedeckotechnickej knižnice /  |c [aut.]V.G. Gukovová, T.A. Lichačevová 
260 |a Bratislava :  |b SlTK-Centrum VTI SR,  |c 1981 
300 |a 34 s 
650 7 |a knihovníctvo  |2 stusub 
700 1 |a Lichačevová, T.A  |4 aut 
996 |b MB 76  |c M*B-76  |l MMKN  |s A  |a 24  |w stu36619_0001